| 000 | 01270nam a2200349Ia 4500 | ||
|---|---|---|---|
| 001 | Z_6762 | ||
| 003 | CHAP | ||
| 005 | 20230905182626.0 | ||
| 008 | 220113s2014 xx 000 0 und d | ||
| 010 | _a170038 | ||
| 040 | _cCHAP | ||
| 090 | _aTesis V44 2438 | ||
| 100 |
_aVega Sampedro, Daniela _9128788 |
||
| 245 |
_aAplicación de gonadotropina coriónica humana (hCG) el día 4 post-inseminación sobre la fertilidad y prolificidad de dos razas ovinas / _cDaniela Vega Sampedro |
||
| 260 |
_aMéxico : _bEl autor, _c2014 |
||
| 300 | _a32 p | ||
| 502 | _aTesis (Ingeniero Agrónomo Especialista en Zootecnia) -- UACh, 2014 \ Dirección: Raymundo Rangel Santos; asesoría: Carlos A. Apodaca Sarabia y José Ayala Oseguera | ||
| 650 |
_aCuerpoa lúteos _9145866 |
||
| 650 |
_aGanado ovino _9139065 |
||
| 650 |
_aGestación _947801 |
||
| 650 |
_aInseminación _9137287 |
||
| 650 |
_aProlificidad _9144581 |
||
| 700 |
_a Apodaca Sarabia, Carlos A., asesor _9138969 |
||
| 700 |
_a Ayala Oseguera, José, asesor _9142549 |
||
| 700 |
_aRangel Santos, Raymundo, director _9139209 |
||
| 856 | 4 | 2 |
_uhttp://10.13.5.2/tesis/sist111014.pdf _yDescargar PDF |
| 901 | _aTESIS V44 2438 | ||
| 902 | _aM | ||
| 910 | _a2014 | ||
| 942 |
_c2 _2ddc |
||
| 942 |
_c2 _2ddc |
||
| 999 |
_c170038 _d170038 |
||